书目信息 |
| 题名: |
摔跤史话
|
|
| 作者: | 傅砚农 著 | |
| 分册: | ||
| 出版信息: | 北京 社会科学文献出版社 2016 |
|
| 页数: | 134页 | |
| 开本: | 21cm | |
| 丛书名: | 中国史话·文化系列 | |
| 单 册: | ||
| 中图分类: | G886.292 | |
| 科图分类: | ||
| 主题词: | 中国式摔跤--zhong guo shi shuai jiao--体育运动史 | |
| 电子资源: | ||
| ISBN: | 978-7-5097-8634-5 | |
| 000 | 01060nam0 22002771 450 | |
| 001 | 0109172420 | |
| 005 | 20170309172420.0 | |
| 010 | @a978-7-5097-8634-5@dCNY25.00 | |
| 100 | @a20160901d2016 em y0chiy50 ea | |
| 101 | 0 | @achi |
| 102 | @aCN@b110000 | |
| 105 | @aa z 000yy | |
| 106 | @ar | |
| 200 | 1 | @a摔跤史话@9shuai jiao shi hua@dA brief history of wrestling@f傅砚农著@zeng |
| 210 | @a北京@c社会科学文献出版社@d2016 | |
| 215 | @a134页@c图@d21cm | |
| 225 | 2 | @a中国史话·文化系列@9zhong guo shi hua wen hua xi lie |
| 300 | @a“十二五”国家重点图书出版规划项目 | |
| 330 | @a本书对中国古代摔跤的演进过程,进行了全面、系统的梳理。循着摔跤发生、发展的进程,利用考古学、历史文献学、民俗学、民族学等多学科结合的研究方法,进行深入分析和研究。 | |
| 461 | 0 | @12001 @a中国史话·文化系列 |
| 510 | 1 | @aBrief history of wrestling@zeng |
| 606 | 0 | @a中国式摔跤@9zhong guo shi shuai jiao@x体育运动史 |
| 690 | @aG886.292@v5 | |
| 701 | 0 | @c(土家)@a傅砚农@9fu yan nong@f(1955~)@4著 |
| 801 | 0 | @aCN@bTANGWEI@c20170308 |
| 905 | @b0953348-51@dG886.292@e90@f4 | |
| 摔跤史话=A brief history of wrestling/傅砚农著.-北京:社会科学文献出版社,2016 |
| 134页:图;21cm.-(中国史话·文化系列) |
| “十二五”国家重点图书出版规划项目 |
| ISBN 978-7-5097-8634-5:CNY25.00 |
| 本书对中国古代摔跤的演进过程,进行了全面、系统的梳理。循着摔跤发生、发展的进程,利用考古学、历史文献学、民俗学、民族学等多学科结合的研究方法,进行深入分析和研究。 |
| ● |
| 相关链接 |
|
|
|
|
正题名:摔跤史话
索取号:G886.292/90
 
预约/预借
| 序号 | 登录号 | 条形码 | 馆藏地/架位号 | 状态 | 备注 |
| 1 | 0953348 | 209533487 | 第一样本阅览室/ [索取号:G886.292/90] | 在馆 | |
| 2 | 0953349 | 209533496 | 第四借阅区/ [索取号:G886.292/90] | 在馆 | |
| 3 | 0953350 | 209533502 | 第四借阅区/ [索取号:G886.292/90] | 在馆 | |
| 4 | 0953351 | 209533511 | 第四借阅区/ [索取号:G886.292/90] | 在馆 |